00512nam a2200193Ia 4500003000400000005001700004008004100021040000700062041000800069082001900077100003700096245004800133260005400181300001000235365001300245440000900258650002900267650002200296OSt20230522154914.0210423s2002 xx 000 0 und d cAL aeng a323 223bIIHR aINDIAN INSTITUTE OF HUMAN RIGHTS aEstablishing linkage with other disciplines aNew DelhibIndian Institute of Human Rightsc2002 a1,144 b250cINR v4A.4 aCivil & Political Rights aPolitical Science